Usability Requirements for Deaf and Mute for Sign Language Translation System / (Record no. 524883)

000 -LEADER
fixed length control field 00475nam a22001577a 4500
003 - CONTROL NUMBER IDENTIFIER
control field NUST
038 ## - RECORD CONTENT LICENSOR
Staff Name Mr. Zahoor
082 ## - DEWEY DECIMAL CLASSIFICATION NUMBER
Classification number 005
100 ## - MAIN ENTRY--PERSONAL NAME
Personal name Sundas Iqbal
9 (RLIN) 15680
245 ## - TITLE STATEMENT
Title Usability Requirements for Deaf and Mute for Sign Language Translation System /
Statement of responsibility, etc. Sundas Iqbal
260 ## - PUBLICATION, DISTRIBUTION, ETC.
Place of publication, distribution, etc. Islamabad :
Name of publisher, distributor, etc. MCS - NUST,
Date of publication, distribution, etc. 2014.
300 ## - PHYSICAL DESCRIPTION
Extent xi, 62 p. : ill. ;
Dimensions 30 cm.
500 ## - GENERAL NOTE
General note Hardcover.
600 ## - SUBJECT ADDED ENTRY--PERSONAL NAME
Personal name Computer Software Engineering - MS Thesis
9 (RLIN) 15681
942 ## - ADDED ENTRY ELEMENTS (KOHA)
Source of classification or shelving scheme
Koha item type Thesis
Holdings
Withdrawn status Lost status Source of classification or shelving scheme Damaged status Not for loan Permanent Location Current Location Shelving location Date acquired Total Checkouts Full call number Barcode Date last seen Price effective from Koha item type
          Central Library (CL) Central Library (CL) Thesis 06/27/2019   005 CL-T-1807 06/27/2019 06/27/2019 Thesis
          Central Library (CL) Central Library (CL) Thesis 11/18/2020   005 CL-T-1326 11/18/2020 11/18/2020 Thesis
© 2023 Central Library, National University of Sciences and Technology. All Rights Reserved.